macOS catalina For dummies / (Record no. 36804)

MARC details
000 -LEADER
fixed length control field 00468nam a22001697a 4500
005 - DATE AND TIME OF LATEST TRANSACTION
control field 20241213145657.0
008 - FIXED-LENGTH DATA ELEMENTS--GENERAL INFORMATION
fixed length control field 241213b |||||||| |||| 00| 0 eng d
020 ## - INTERNATIONAL STANDARD BOOK NUMBER
ISBN 9781119607885
082 ## - DEWEY DECIMAL CLASSIFICATION NUMBER
Classification number 005.028
Item number LEV-M
100 ## - MAIN ENTRY--AUTHOR
Author Name Levitus,Bob ,Dr.Mac
245 ## - TITLE STATEMENT
Title macOS catalina For dummies /
Statement of responsibility, etc. Bob Dr.Mac Levitus
260 ## - PUBLICATION, DISTRIBUTION, ETC.
Place of Publication USA:
Name of publisher, distributor, etc. Elsevier;
Date of publication, distribution, etc. 2020.
300 ## - PHYSICAL DESCRIPTION
Pages xiv, 512 p. :
500 ## - GENERAL NOTE
General note include index.
650 ## - SUBJECT ADDED ENTRY--TOPICAL TERM
Subject / Department Comuter Science
300 ## - PHYSICAL DESCRIPTION
-- ill;
-- 24 cm.
952 ## - LOCATION AND ITEM INFORMATION (KOHA)
-- 0
-- 0
Holdings
Lost status Damaged status Collection code Permanent Location Current Location Shelving Location Date acquired Full Call Number Accession No./Barcode Date last seen item type Koha item type
    CS/IT Superior Information Resource Center (SIRC) Superior University- Gold Campus Superior Information Resource Center (SIRC) Superior University- Gold Campus Computer science 12/13/2024 005.446 LEV-M 2020 19118 12/13/2024 BOOK BOOK

Powered by Koha